| 000 | 00824cab a2200265 4500 | ||
|---|---|---|---|
| 001 | ABS49496 | ||
| 008 | 090401t1993 xxu||||| |||| 00| 0 eng d | ||
| 035 | _a(Sirsi) u71584 | ||
| 041 | _aeng | ||
| 100 | _aLongley, P. | ||
| 245 | 2 | _aA GIS-based appraisal of Council Tax valuations | |
| 260 | _c1993 | ||
| 350 | _a0 | ||
| 490 |
_aJournal of Property Valuation and Investment _v11 (4) 1993, 375-383(9) |
||
| 520 | _aOutlines an alternative procedure to assign capital values, for council tax purposes, using a Geographical Information System. | ||
| 650 | _aCAPITAL VALUES | ||
| 650 | _aCOUNCIL TAX | ||
| 650 | _aGIS | ||
| 690 | _aMANAGEMENT-BUSINESS MANAGEMENT-INFORMATION MANAGEMENT | ||
| 690 | _aRATING AND VALUATION | ||
| 700 | _aHiggs, G. | ||
| 700 | _aMartin, D. | ||
| 942 | _n0 | ||
| 948 | _c04/03/1997 | ||
| 999 |
_c45151 _d45151 |
||